| 000 | 00722nab#a2200229#c#4500 | ||
|---|---|---|---|
| 999 |
_c122315 _d122315 |
||
| 003 | IEF | ||
| 005 | 20191204132700.0 | ||
| 008 | 950704s1976 uuu|| #####0 b| |u | ||
| 040 |
_aIEF _cES-MaIEF |
||
| 100 | 1 |
_aFlores de Lemus, Antonio _916049 |
|
| 245 |
_aSobre la política arancelaria española _bun debate en la Asamblea Nacional de la Dictadura [Diario de Sesiones, 20 de enero de1928] |
||
| 260 | _c1976 | ||
| 650 | 4 |
_aARANCELES _928302 |
|
| 650 | 4 |
_aCOMERCIO EXTERIOR _938197 |
|
| 650 | 4 |
_aPOLITICA COMERCIAL _948051 |
|
| 650 | 4 |
_aESPAÑA _941092 |
|
| 650 | 4 |
_aHISTORIA ECONOMICA _945401 |
|
| 773 | 0 |
_tHacienda pública española _w34570 _g42-43, p. 485-489 |
|
| 942 | _2udc | ||
| 942 | _2udc | ||